Etimologia dei Paesi #6 - Statistics

Statistiche generali
  • Questo quiz è stato fatto 37 volte
  • Il punteggio medio è 8 su 10
Statistiche sulle risposte
Etimologia Paese % Corretto
Combinazione di Tanganica e Zanzibar Tanzania
100%
"Terra dell'Indo" India
97%
Da una resa di Marco Polo del cantonese "Origine del sole" Giappone
91%
"Montagna nera", in veneto Montenegro
85%
In riferimento alle terre basse su cui sorge Paesi Bassi
85%
"Terra dell'argento" Argentina
79%
Dall'intensa attività di commercio di zanne d'elefante Costa d'Avorio
79%
Portmanteau di Punjab, Afghania, Kashmir, Sindh e Belucistan Pakistan
76%
"Isole indiane", in greco antico Indonesia
70%
Dall'espressione "terra meridionale ignota", in latino Australia
36%
Nessun quiz corrispondente trovato
Distribuzione punteggi
Percentuale di utenti per punteggio
Percentile per numero di risposta
I tuoi punteggi nel tempo
Non hai fatto questo quiz